[Event "RUS-ch Schools"]
[Site "Novokuznetsk"]
[Date "2001.??.??"]
[Round "3"]
[White "Daudov, Dmitriy"]
[Black "Kuliev, Timergazim"]
[Result "0-1"]
[WhiteElo "2332"]
[BlackElo "2289"]
[PlyCount "84"]
[EventDate "2001.10.??"]
[EventType "swiss"]
[EventRounds "9"]
[EventCountry "RUS"]
[SourceTitle "CBM 085 Extra"]
[Source "ChessBase"]
[SourceDate "2002.01.21"]
[SourceVersion "1"]
[SourceVersionDate "2002.01.21"]
[SourceQuality "1"]

1. e4 e5 2. Nf3 Nc6 3. Bb5 f5 4. Nc3 fxe4 5. Nxe4 Nf6 6. Nxf6+ Qxf6 7. 0-0 Be7 8. Qe2 0-0 9. Bxc6 dxc6 10. Qxe5 Bg4 11. Qxf6 Bxf6 12. d3 Rae8 13. c3 Bxf3 14. gxf3 Be5 15. Bd2 Re6 16. Rae1 Rg6+ 17. Kh1 Bxh2 18. Re4 Bd6 19. Rg4 Rgf6 20. Rfg1 R8f7 21. Kg2 Rxf3 22. Be3 R3f5 23. Re1 c5 24. Re4 h6 25. a3 a5 26. c4 b6 27. Kf1 Kh7 28. Ke2 Be5 29. Rb1 Bd4 30. Bxd4 cxd4 31. Rf1 c5 32. b4 axb4 33. axb4 Ra7 34. b5 Ra2+ 35. Ke1 Rf3 36. Rg1 Rfxf2 37. Re7 Rg2 38. Rxg2 Rxg2 39. Kf1 Rg6 40. Kf2 h5 41. Kf3 h4 42. Re4 h3 0-1